| 000 | 00774nam a2200229 i 4500 | ||
|---|---|---|---|
| 001 | bg | ||
| 100 | 1 | _aSENCZYK, Dominik | |
| 245 | 1 | 0 |
_aDyfraktometria rentgenowska w badaniach stanów naprężenia i własności sprężystych materiałów polikrystalicznych / _cDominik Senczyk. |
| 260 |
_aPoznań : _bWydaw. Politechniki Poznańskiej, _c1995. |
||
| 300 |
_a283 s. : _bfot., rys., wykr. ; _c24 cm. |
||
| 504 | _aBibliogr. s. 255-274. - Indeks. | ||
| 650 | 9 |
_aKrystalografia _xzagadnienia |
|
| 650 | 9 |
_aRentgenografia _xstosowanie |
|
| 650 | 9 |
_aSprężystość _xbadanie _xmetody |
|
| 020 | _a8371431139 | ||
| 040 | _cBPK | ||
| 041 | 0 | _apl | |
| 080 | _a620.1:621.386:548:539.3 | ||
| 920 | _a83-7143-113-9 | ||
| 942 | _cKS | ||
| 008 | s pl f |000 0 pol | ||
| 999 |
_c31096 _d31096 |
||
| 856 |
_uhttp://koha.tu.koszalin.pl/cgi-bin/koha/opac-detail.pl?biblionumber=31096 _yKatalog online BPK |
||